Characters Introduced In Fear The Walking Dead Season 4 Quiz Stats

 Plays Quiz not verified by Sporcle

Score 0/19 Timer 20:00
0 Plays Today
Episode Character % Correct
1Morgan Jones
81.7%
1John Dorie
69%
2June
66.2%
2Charlie
62%
1Althea
59.2%
11Jim Brauer
52.1%
2Melvin
49.3%
11Wendell
42.3%
11Sarah
40.8%
2Cole
39.4%
Episode Character % Correct
1Bill
38%
11Martha
38%
2Vivian
29.6%
1Leland
28.2%
1Hardy
26.8%
2Ennis
25.4%
2Douglas
23.9%
13Clayton
23.9%
12Quinn
22.5%

You're not logged in!

Compare scores with friends on all Sporcle quizzes.
OR
Log In

Sporcle TV

Today on Sporcle TV


Watch our educational content, quiz creation guides, and fun videos on Sporcle TV.

Show Comments

Extras

Top Quizzes Today


Score Distribution

Your Account Isn't Verified!

In order to create a playlist on Sporcle, you need to verify the email address you used during registration. Go to your Sporcle Settings to finish the process.

Report this User

Report this user for behavior that violates our Community Guidelines.

Details: